[Event "AUT-ch Seniors 65"]
[Site "Deutschlandsberg"]
[Date "2018.04.26"]
[Round "5"]
[White "Koestenbauer, Hans"]
[Black "Lachat, Martin"]
[Result "1-0"]
[WhiteElo "1748"]
[BlackElo "1639"]
[PlyCount "49"]
[EventDate "2018.04.22"]
[EventType "swiss"]
[EventRounds "7"]
[EventCountry "AUT"]
[SourceTitle "CBM 184 Extra"]
[Source "ChessBase"]
[SourceDate "2018.06.28"]
[SourceVersion "1"]
[SourceVersionDate "2018.06.28"]
[SourceQuality "1"]

1. d4 f5 2. Bg5 Nf6 3. e3 g6 4. Be2 Bg7 5. h4 h6 6. Bf4 d6 7. c4 0-0 8. Nc3 Nbd7 9. g4 fxg4 10. Bxg4 Nxg4 11. Qxg4 Ne5 12. Qe2 Nc6 13. 0-0-0 e5 14. dxe5 Nxe5 15. c5 Nf7 16. Qc2 Bf5 17. Qb3 Bxc3 18. bxc3 g5 19. hxg5 hxg5 20. Bg3 Kg7 21. cxd6 cxd6 22. Qb4 Qe7 23. Bxd6 Nxd6 24. Qxd6 Qf7 25. Qh6+ 1-0